000 00326nam a2200145Ia 4500
003 OSt
005 20240309104520.0
008 170524s9999 xx 000 0 und d
020 _aNIL
040 _cIIMTU MEERUT
100 _aANWER- NAQUI
245 0 _aELECTRICAL AUTOMATION PLCs AND SCADA
260 _bAne
942 _2ddc
_c02
999 _c7734
_d7734